| 000 | 01064nam a2200229Ia 4500 | ||
|---|---|---|---|
| 999 |
_c41024 _d41024 |
||
| 001 | 7673 | ||
| 003 | GE_BSU | ||
| 005 | 20240122174955.0 | ||
| 008 | 181216s2012||||ge |||||||||||||| ||geo|| | ||
| 020 | _a9789941175084 | ||
| 040 | _cGE_BSU | ||
| 041 | _ageo | ||
| 080 | _a327(042.4) მ–27 | ||
| 100 |
_aმანველიძე, ირაკლი _92014 |
||
| 245 |
_aსაერთაშორისო ურთიერთობების საფუძვლები : _bლექციების კურსი / _cირაკლი მანველიძე ; რედ. ირაკლი გორგილაძე. |
||
| 264 |
_aთბილისი : _bუნივერსალი, _c2012. |
||
| 300 |
_a420 გვ. ; _c21სმ. |
||
| 504 | _aბიბლიოგრ. გვ. : 417-419 | ||
| 653 | _aსაერთაშორისო ურთიერთობების საფუძვლები | ||
| 700 |
_aგორგილაძე, ირაკლი _eრედაქტორი _913494 |
||
| 942 |
_cBK _2udc |
||